[Event "Veteranos"]
[Site "?"]
[Date "2010.??.??"]
[Round "4.8"]
[White "Ruiz, José Manuel"]
[Black "Marín, Angel María"]
[Result "1-0"]
[WhiteElo "1899"]
[BlackElo "1712"]
[PlyCount "76"]

1. d4 Nf6 2. Nf3 g6 3. g3 Bg7 4. Bg2 O-O 5. O-O d6 6. c4 Na6 7. Nc3 Bd7 8. Re1
c5 9. d5 Nc7 10. a4 a6 11. a5 Rb8 12. e4 b5 13. axb6 Rxb6 14. e5 Ng4 15. exd6
exd6 16. h3 Ne5 17. Nxe5 Bxe5 18. Ra3 f5 19. Rxe5 dxe5 20. d6 Ne6 21. Nd5 Rxd6
22. Nf6+ Rxf6 23. Qxd6 Qc7 24. Qxa6 Kg7 25. Bd5 f4 26. Qa7 Qxa7 27. Rxa7 Nf8
28. Bd2 g5 29. Bc3 Kh6 30. Bxe5 Rb6 31. gxf4 Bxh3 32. Bg7+ Kh5 33. Bxf8 h6 34.
fxg5 Kxg5 35. Bxc5 Rxb2 36. Kh2 Bg4 37. Kg3 h5 38. Be3+ Kf5 1-0

[Event "Veteranos"]
[Site "?"]
[Date "2010.??.??"]
[Round "4.9"]
[White "Pellicer, Rafael José"]
[Black "Lasierra, Javier"]
[Result "1-0"]
[WhiteElo "1811"]
[BlackElo "1700"]
[PlyCount "69"]

1. d4 d5 2. c4 Bf5 3. Nc3 e6 4. Nf3 Bb4 5. e3 Nf6 6. a3 Be7 7. Bd3 Ne4 8. Qc2
Nxc3 9. bxc3 Bxd3 10. Qxd3 O-O 11. c5 b6 12. cxb6 axb6 13. Ne5 c5 14. c4 Bf6
15. Ng4 Nc6 16. Bb2 cxd4 17. cxd5 exd5 18. Rc1 Rc8 19. O-O Ne5 20. Nxf6+ Qxf6
21. Qxd4 Rfe8 22. Rxc8 Rxc8 23. Qxe5 Qxe5 24. Bxe5 f6 25. Bd4 b5 26. Rb1 Rb8
27. f4 Kf7 28. Rc1 Ke6 29. Rc7 Ra8 30. Rb7 Rxa3 31. Rxb5 h5 32. Rb7 g5 33. Rb6+
Kf5 34. Rxf6+ Ke4 35. fxg5 1-0

[Event "Veteranos"]
[Site "?"]
[Date "2010.??.??"]
[Round "4.10"]
[White "Lorente, Antonio"]
[Black "Navarro, Rafael"]
[Result "1/2-1/2"]
[WhiteElo "1723"]
[BlackElo "1673"]
[PlyCount "102"]

1. c4 e6 2. Nc3 Nf6 3. Nf3 d5 4. cxd5 exd5 5. d4 c6 6. a3 h6 7. g3 Bd6 8. Bg2
Bf5 9. O-O O-O 10. Nh4 Bh7 11. f4 Nbd7 12. Nf3 Ne4 13. Ne5 Ndf6 14. f5 Qe7 15.
Nxe4 Nxe4 16. Bxe4 dxe4 17. Nc4 Rfe8 18. f6 gxf6 19. Nxd6 Qxd6 20. Bxh6 f5 21.
Bf4 Qe6 22. e3 Rad8 23. Rc1 Rd5 24. b4 Red8 25. Qh5 Qg6 26. Qg5 R8d6 27. Qe7
Rd7 28. Qg5 Kf8 29. Rc5 Rxc5 30. bxc5 Qxg5 31. Bxg5 Kg7 32. a4 f6 33. Bf4 Bg8
34. Bb8 a5 35. Rxf5 Bb3 36. Rf4 Bc2 37. h4 Kg6 38. g4 Rh7 39. Bd6 Rf7 40. Rf5
Bxa4 41. h5+ Kg7 42. g5 fxg5 43. h6+ Kg6 44. Rxf7 Kxf7 45. h7 Kg7 46. Bc7 Kxh7
47. Bxa5 Kg6 48. Kf2 Kf5 49. Bc7 Kg4 50. Bd6 Kh3 51. Bc7 g4 1/2-1/2

[Event "Veteranos"]
[Site "?"]
[Date "2010.??.??"]
[Round "4.11"]
[White "Otal, José Miguel"]
[Black "Félez, Carlos"]
[Result "0-1"]
[WhiteElo "1577"]
[BlackElo "1634"]
[PlyCount "62"]

1. e4 d6 2. d4 Nd7 3. Nc3 c6 4. Be3 e5 5. Nf3 Be7 6. Be2 Ngf6 7. O-O O-O 8. h3
b5 9. a3 Bb7 10. Nd2 a6 11. f4 Qb6 12. fxe5 dxe5 13. Bf2 exd4 14. Nf3 c5 15.
Nd5 Nxd5 16. exd5 Bxd5 17. c3 Bf6 18. cxd4 Bxf3 19. dxc5 Bxe2 20. Qxe2 Qc6 21.
Rac1 Rfe8 22. Qc2 Rad8 23. b4 Ne5 24. Rcd1 Nc4 25. Rxd8 Rxd8 26. a4 Rd2 27. Qf5
Ne3 28. Qf3 Qxf3 29. gxf3 Nxf1 30. Kxf1 bxa4 31. Be3 Rc2 0-1

[Event "Veteranos"]
[Site "?"]
[Date "2010.??.??"]
[Round "4.12"]
[White "García, Obdulio"]
[Black "Burillo, Amelia"]
[Result "1-0"]
[WhiteElo "1700"]
[BlackElo "1500"]
[PlyCount "69"]

1. d4 Nf6 2. Bf4 d6 3. e3 Nbd7 4. h3 b6 5. Nf3 Bb7 6. Nbd2 c5 7. c3 Rc8 8. Be2
cxd4 9. cxd4 e6 10. O-O Be7 11. b4 O-O 12. Qb3 Nd5 13. Bh2 N7f6 14. Rac1 Nc7
15. Rc2 a6 16. Rfc1 b5 17. a3 Qd7 18. Qb2 Ne4 19. Nxe4 Bxe4 20. Rc3 Nd5 21.
Rxc8 Rxc8 22. Nd2 Bf5 23. e4 Bg6 24. exd5 exd5 25. Nf3 h6 26. Rc3 Be4 27. Qc1
Rxc3 28. Qxc3 Bf6 29. Nd2 Qf5 30. Bxd6 Bh4 31. Nxe4 dxe4 32. Bg3 Bg5 33. Bg4
Qg6 34. Qc8+ Kh7 35. Bf5 1-0

[Event "Veteranos"]
[Site "?"]
[Date "2010.??.??"]
[Round "4.13"]
[White "Latorre, Francisco"]
[Black "Cervera, Ramón"]
[Result "1/2-1/2"]
[WhiteElo "1519"]
[BlackElo "1611"]
[PlyCount "146"]

1. d4 Nf6 2. Nf3 g6 3. e3 Bg7 4. c4 O-O 5. Nc3 d5 6. Qb3 c6 7. cxd5 Nxd5 8. Bc4
Nb6 9. Be2 Be6 10. Qd1 N8d7 11. e4 Bc4 12. Bxc4 Nxc4 13. Qb3 Ncb6 14. e5 Qc7
15. Be3 Nd5 16. Nxd5 cxd5 17. Qxd5 Nb6 18. Qa5 Qd7 19. O-O Rfc8 20. Rfc1 Nc4
21. Qb4 Nxe3 22. fxe3 Bh6 23. Qe1 Qb5 24. b3 Qd3 25. Kf2 Rc2+ 26. Rxc2 Qxc2+
27. Qe2 Bxe3+ 28. Kf1 Qc3 29. Rd1 e6 30. Qd3 Rc8 31. Qxc3 Rxc3 32. d5 exd5 33.
Rxd5 Bb6 34. Rd7 Rc1+ 35. Ke2 Rc2+ 36. Rd2 Rc7 37. Kd1 Kf8 38. Rd8+ Kg7 39. Ng5
Rc1+ 40. Kxc1 Bxd8 41. Nf3 Kf8 42. Kc2 Ke7 43. Kd3 h6 44. h3 Bb6 45. Ke4 Bf2
46. Nd2 Bg3 47. Nc4 Ke6 48. a4 b6 49. b4 a6 50. b5 axb5 51. axb5 Bf2 52. g4 g5
53. Nd6 Bg3 54. Nf5 Bxe5 55. Nxh6 Bc7 56. Nf5 Bh2 57. Nd4+ Kf6 58. Kd5 Bg1 59.
Nc6 Kg6 60. Ne7+ Kf6 61. Nf5 Bf2 62. Kc6 Ke5 63. Nd6 f6 64. Nc4+ Kf4 65. Nxb6
Kg3 66. Nd5 Kxh3 67. Nxf6 Bd4 68. Ne4 Kxg4 69. Nc5 Bf6 70. b6 Be5 71. b7 Kf3
72. Nd7 Bf4 73. Nf6 Ke2 1/2-1/2

[Event "Veteranos"]
[Site "?"]
[Date "2010.??.??"]
[Round "4.14"]
[White "López, Jesús"]
[Black "Requeno, Juan José"]
[Result "1-0"]
[WhiteElo "1500"]
[BlackElo "1500"]
[PlyCount "75"]

1. d4 d5 2. c4 c6 3. Nc3 Nf6 4. Nf3 e6 5. e4 dxe4 6. Ne5 Be7 7. Bg5 O-O 8. Be3
Bb4 9. a3 Be7 10. c5 b6 11. b4 Nbd7 12. Nxc6 Qe8 13. Nb5 a6 14. Nc7 Bb7 15.
Nxe8 Rfxe8 16. Ne5 Nxe5 17. dxe5 Rad8 18. Qc2 Rc8 19. Be2 b5 20. O-O Bc6 21.
exf6 Bxf6 22. Rad1 Be7 23. f4 f5 24. Bd4 Rf8 25. Qc3 Bf6 26. Bxf6 Rxf6 27. Rd6
Kf8 28. Rfd1 Kf7 29. R1d2 Ke8 30. Bh5+ Ke7 31. Bd1 Ke8 32. Bb3 Ke7 33. Qe5 Rc7
34. Rxe6+ Rxe6 35. Qxc7+ Kf6 36. Bxe6 Kxe6 37. Qxc6+ Kf7 38. Rd7+ 1-0

[Event "Veteranos"]
[Site "?"]
[Date "2010.??.??"]
[Round "4.15"]
[White "Pinilla, José Carlos"]
[Black "Menjón, Miguel"]
[Result "0-1"]
[WhiteElo "1500"]
[BlackElo "1632"]
[PlyCount "70"]

1. e4 Nf6 2. e5 Nd5 3. Nf3 d6 4. d4 Nc6 5. Qe2 Bf5 6. c3 Nf4 7. Qd1 Nd5 8. g3
e6 9. Bg2 Bg4 10. h3 Bh5 11. g4 Bg6 12. O-O Be7 13. b4 a6 14. Na3 Nxc3 15. Qe1
Nd5 16. b5 axb5 17. Nxb5 Bd3 18. Nd2 Bxb5 19. Bb2 dxe5 20. dxe5 Ncb4 21. Qc1
Bxf1 22. Nxf1 Nd3 23. Qc2 Nxb2 24. Qxb2 Rb8 25. a4 O-O 26. Qd2 c6 27. a5 Ra8
28. Ne3 Nxe3 29. Qxe3 Rxa5 30. Rb1 Bc5 31. Qf4 Ra7 32. Be4 g6 33. Qf3 Qh4 34.
Kf1 Rfa8 35. Qc3 Qxf2# 0-1

[Event "Veteranos"]
[Site "?"]
[Date "2010.??.??"]
[Round "4.16"]
[White "Cristóbal, Angel"]
[Black "Pardo, Venancio"]
[Result "0-1"]
[WhiteElo "1515"]
[BlackElo "1824"]
[PlyCount "86"]

1. e4 c5 2. Nf3 d6 3. g3 Nf6 4. d3 Bg4 5. Bg2 Nc6 6. O-O Nd4 7. Be3 Nxf3+ 8.
Bxf3 Bxf3 9. Qxf3 g6 10. Nd2 Bg7 11. Rab1 O-O 12. a3 Qd7 13. Nc4 b5 14. Nd2 Ng4
15. Bf4 e5 16. Be3 Nxe3 17. Qxe3 a5 18. b3 a4 19. b4 cxb4 20. Rxb4 Rfc8 21. Rc1
Bf8 22. Rbb1 Rc3 23. Ra1 Rac8 24. Ra2 d5 25. Nb1 d4 26. Qe2 R3c6 27. Qe1 Bh6
28. Nd2 Qe6 29. Rb2 Rc5 30. Qd1 Qc6 31. Kg2 Rc3 32. Ra2 Rxd3 33. cxd3 Qxc1 34.
Qxc1 Rxc1 35. Nf3 f6 36. Rb2 Rc5 37. Ne1 Bc1 38. Ra2 Rc3 39. Re2 Bxa3 40. Kf3
b4 41. Ra2 b3 42. Rxa3 b2 43. Rxc3 dxc3 0-1

[Event "Veteranos"]
[Site "?"]
[Date "2010.??.??"]
[Round "4.17"]
[White "Ubeda, Angel"]
[Black "Moreno, Ignacio"]
[Result "0-1"]
[WhiteElo "1513"]
[BlackElo "1500"]
[PlyCount "120"]

1. d4 d5 2. c4 Nf6 3. Nf3 Nc6 4. Bg5 Be6 5. Bxf6 exf6 6. e3 Bb4+ 7. Nc3 Bg4 8.
a3 Bxc3+ 9. bxc3 Bxf3 10. Qxf3 dxc4 11. Bxc4 Na5 12. Qd5 Qxd5 13. Bxd5 c6 14.
Ba2 Rd8 15. O-O O-O 16. Rab1 b6 17. g3 Rfe8 18. Rfd1 Re7 19. Rb2 Red7 20. Rbd2
b5 21. Kf1 c5 22. Ke2 c4 23. Rb2 a6 24. f4 f5 25. h3 g6 26. h4 h5 27. Rb4 Nc6
28. Rb2 Ne7 29. a4 Rd5 30. axb5 axb5 31. Rdb1 Ra8 32. Rd1 Ra3 33. Rc2 Rd6 34.
Rb1 Rda6 35. Rbb2 R6a5 36. Bb1 Nd5 37. Kd2 Nf6 38. Ra2 Ne4+ 39. Kc1 Nxg3 40.
Rab2 f6 41. Rg2 Rxc3+ 42. Rbc2 Rxe3 43. d5 Kf7 44. d6 Ke6 45. Rcd2 Kd7 46. Rd1
c3 47. Rdg1 Ne2+ 48. Rxe2 Rxe2 49. Rxg6 Rd2 50. Rxf6 Rxd6 51. Rxf5 Rd4 52. Rxh5
Rxf4 53. Bf5+ Kd6 54. Rh6+ Ke5 55. Bd7 Rf1+ 56. Kc2 Kd4 57. Rd6+ Ke5 58. Rb6
Ra2+ 59. Kxc3 Rf3+ 60. Kb4 Rb2+ 0-1

[Event "Veteranos"]
[Site "?"]
[Date "2010.??.??"]
[Round "4.18"]
[White "Samper, Julio Alfredo"]
[Black "Solana, Angel"]
[Result "1-0"]
[WhiteElo "1540"]
[BlackElo "1570"]
[PlyCount "83"]

1. e4 c5 2. Nf3 d6 3. Nc3 Nf6 4. d4 cxd4 5. Qxd4 a6 6. Be2 g6 7. e5 Nc6 8. Qe3
Ng4 9. Qe4 Bf5 10. Qd5 e6 11. Qd1 d5 12. Bg5 Be7 13. Bxe7 Qxe7 14. Nd4 Ngxe5
15. Nxf5 gxf5 16. a3 Qg5 17. g3 Qg7 18. Qd2 b5 19. O-O-O d4 20. Na2 O-O 21. Nb4
Nxb4 22. Qxb4 Nc6 23. Qd2 Rac8 24. g4 Kh8 25. gxf5 e5 26. h3 Qf6 27. Bg4 Rg8
28. Kb1 e4 29. Rhe1 Rge8 30. Qf4 b4 31. axb4 Nxb4 32. Rxe4 Rxe4 33. Qxe4 Nxc2
34. Rd2 Kg8 35. Rxc2 Rb8 36. f4 d3 37. Qxd3 a5 38. Qc3 Qb6 39. Qc5 Qa6 40. Be2
Qa8 41. f6 a4 42. Qg5+ 1-0

[Event "Veteranos"]
[Site "?"]
[Date "2010.??.??"]
[Round "5.1"]
[White "Navarro, Jesús"]
[Black "Domínguez, Fernando"]
[Result "0-1"]
[WhiteElo "1850"]
[BlackElo "2069"]
[PlyCount "60"]

1. e4 c5 2. Nf3 d6 3. d4 cxd4 4. Nxd4 Nf6 5. Nc3 Nc6 6. f3 e5 7. Nb3 Be7 8. Be3
O-O 9. Qd2 a5 10. a4 Be6 11. O-O-O Rc8 12. Kb1 Nb4 13. Bd3 d5 14. exd5 Nfxd5
15. Nxd5 Bxd5 16. Qf2 Qe8 17. Bb5 Bc6 18. c4 f5 19. Bc5 Bxb5 20. cxb5 Bxc5 21.
Nxc5 Qf7 22. b3 Rxc5 23. Qxc5 Qxb3+ 24. Kc1 e4 25. Qc7 Nd3+ 26. Kd2 Nf2 27. Ke2
Nxd1 28. Rxd1 exf3+ 29. Kd2 fxg2 30. Kc1 Qe3+ 0-1

[Event "Veteranos"]
[Site "?"]
[Date "2010.??.??"]
[Round "5.2"]
[White "Sarto, Angel"]
[Black "Edeso, Francisco"]
[Result "1/2-1/2"]
[WhiteElo "1962"]
[BlackElo "1797"]
[PlyCount "91"]
[EventDate "2010.04.10"]

1. d4 d5 2. Nf3 g6 3. Bf4 Bg7 4. Nc3 c6 5. e3 Nf6 6. Bd3 O-O 7. h3 b5 8. a3 a5
9. O-O Nbd7 10. Ne5 Nxe5 11. Bxe5 Qb6 12. Qe2 Ba6 13. b4 axb4 14. axb4 Bb7 15.
f3 Rxa1 16. Rxa1 Ra8 17. Qe1 Nd7 18. Bxg7 Kxg7 19. Rxa8 Bxa8 20. Qa1 Bb7 21. f4
Nf6 22. Qa5 Nd7 23. Kf2 e6 24. g4 Kf8 25. h4 Ke8 26. h5 Qd8 27. Qxd8+ Kxd8 28.
g5 Ke7 29. h6 Bc8 30. e4 f6 31. exd5 exd5 32. f5 Kf7 33. fxg6+ hxg6 34. h7 Kg7
35. Bxg6 fxg5 36. Bf5 Nb6 37. Bd3 Be6 38. Nd1 Nd7 39. Ne3 Nf6 40. Nf5+ Kxh7 41.
Ne7+ Ne4+ 42. Bxe4+ dxe4 43. Nxc6 Kg7 44. Ne5 Kf6 45. c3 Ke7 46. Ke3 1/2-1/2

[Event "Veteranos"]
[Site "?"]
[Date "2010.??.??"]
[Round "5.3"]
[White "Martínez, Juan"]
[Black "Martínez, Manuel"]
[Result "1-0"]
[WhiteElo "1841"]
[BlackElo "1689"]
[PlyCount "103"]

1. e4 c6 2. d4 d5 3. exd5 cxd5 4. Bd3 Nc6 5. c3 Nf6 6. h3 e6 7. Nf3 Be7 8. O-O
a6 9. Bf4 Bd6 10. Bxd6 Qxd6 11. Nbd2 O-O 12. Re1 Qf4 13. Ne5 Nd7 14. Ndf3 Ndxe5
15. Nxe5 f5 16. Qf3 Qg5 17. Nxc6 bxc6 18. Re5 Ra7 19. Rae1 Rf6 20. Bxf5 Rxf5
21. Rxf5 Qxf5 22. Qxf5 exf5 23. Re8+ Kf7 24. Rxc8 Rb7 25. Rxc6 Rxb2 26. Rxa6
Rb1+ 27. Kh2 Rb2 28. Kg3 Rc2 29. a4 Rxc3+ 30. Kf4 Rc2 31. Ke3 g5 32. Rd6 f4+
33. Kf3 Rc4 34. Rxd5 Kf6 35. h4 h6 36. hxg5+ hxg5 37. Kg4 Rxa4 38. Rxg5 Rxd4
39. Rf5+ Kg6 40. Rxf4 Rd5 41. Ra4 Rb5 42. Ra6+ Kg7 43. f4 Kf7 44. g3 Rc5 45. f5
Kg7 46. Kg5 Kh7 47. Ra7+ Kg8 48. g4 Rc4 49. Kh5 Rc5 50. Kg6 Kf8 51. g5 Rc6+ 52.
f6 1-0

[Event "Veteranos"]
[Site "?"]
[Date "2010.??.??"]
[Round "5.4"]
[White "Royo, Manuel"]
[Black "Beltrán, Alfredo"]
[Result "1-0"]
[WhiteElo "1950"]
[BlackElo "1700"]
[PlyCount "73"]

1. e4 e6 2. d4 d5 3. Nd2 Nf6 4. e5 Nfd7 5. Bd3 c5 6. c3 cxd4 7. cxd4 Be7 8.
Ndf3 O-O 9. h4 Re8 10. Bxh7+ Kxh7 11. Ng5+ Kg8 12. Qh5 Nf8 13. Qxf7+ Kh8 14.
N1f3 Nc6 15. Qh5+ Kg8 16. Nf7 g6 17. Qh8+ Kxf7 18. Ng5+ Bxg5 19. Bxg5 Ne7 20.
h5 Qa5+ 21. Bd2 Qb5 22. Qf6+ Kg8 23. h6 Nf5 24. h7+ Nxh7 25. Qxg6+ Ng7 26. Rxh7
Re7 27. O-O-O Qa4 28. Rdh1 Rc7+ 29. Kb1 Qc2+ 30. Qxc2 Rxc2 31. Kxc2 Nf5 32.
Rh8+ Kg7 33. Bg5 Nxd4+ 34. Kd3 Nc6 35. Bf6+ Kg6 36. Rg8+ Kf7 37. Rg7+ 1-0

[Event "Veteranos"]
[Site "?"]
[Date "2010.??.??"]
[Round "5.5"]
[White "Argüeso, Manuel"]
[Black "Yáñez, Gonzalo"]
[Result "1/2-1/2"]
[WhiteElo "1824"]
[BlackElo "1895"]
[PlyCount "37"]

1. d4 Nf6 2. Nf3 d5 3. e3 Bf5 4. Bd3 Bxd3 5. Qxd3 a6 6. a4 e6 7. Nbd2 Nbd7 8.
O-O Be7 9. e4 dxe4 10. Nxe4 O-O 11. Re1 Re8 12. Bd2 Nxe4 13. Qxe4 b5 14. Ba5
Nf6 15. Qc6 Bd6 16. Ne5 Nd5 17. c4 bxc4 18. Nxc4 Bb4 19. Re2 1/2-1/2

[Event "Veteranos"]
[Site "?"]
[Date "2010.??.??"]
[Round "5.6"]
[White "Pellicer, Rafael José"]
[Black "Ruiz, José Manuel"]
[Result "0-1"]
[WhiteElo "1811"]
[BlackElo "1899"]
[PlyCount "95"]

1. d4 d5 2. c4 c6 3. e3 Nf6 4. Nc3 Nbd7 5. Bd3 e6 6. Nge2 dxc4 7. Bxc4 b5 8.
Bd3 Bb7 9. f3 Bd6 10. e4 e5 11. O-O O-O 12. dxe5 Nxe5 13. Bc2 Bc5+ 14. Kh1 h6
15. Bf4 Nc4 16. Qc1 Nh5 17. Nd1 Nxf4 18. Qxf4 Qe7 19. Ng3 Rad8 20. b3 Na3 21.
Rc1 Qg5 22. Qxg5 hxg5 23. Bb1 Bb4 24. Nc3 Rd2 25. e5 Nxb1 26. Nxb1 Rxa2 27.
Rfd1 c5 28. Rd7 Ba8 29. Ne4 g4 30. Nbc3 Ra5 31. Nd5 gxf3 32. gxf3 Bxd5 33. Rxd5
Ra3 34. Rd7 a5 35. Rb1 a4 36. bxa4 bxa4 37. Kg2 Rb3 38. Ra1 a3 39. Ra7 c4 40.
Ra4 Rd8 41. Rxb4 Rxb4 42. Rxa3 Rb3 43. Ra1 c3 44. Rc1 Rb2+ 45. Kg3 c2 46. Nc3
Rd3 47. Ne2 Rd1 48. Nd4 0-1

[Event "Veteranos"]
[Site "?"]
[Date "2010.??.??"]
[Round "5.7"]
[White "Sanz, Alberto"]
[Black "García, Obdulio"]
[Result "1-0"]
[WhiteElo "1782"]
[BlackElo "1700"]
[PlyCount "76"]

1. e4 d6 2. f4 g6 3. Bc4 Bg7 4. Nf3 Nf6 5. Nc3 O-O 6. d4 Bg4 7. h3 Bxf3 8. Qxf3
Nbd7 9. Be3 c6 10. O-O-O b5 11. Be2 Qa5 12. e5 Nd5 13. Nxd5 cxd5 14. Qxd5 Nb6
15. Qb3 a6 16. g4 d5 17. Bd2 Qa4 18. Qxa4 Nxa4 19. b3 Nb6 20. Bb4 Rfe8 21. Bf3
e6 22. h4 a5 23. Bc5 Nd7 24. Ba3 a4 25. b4 Nb6 26. Be2 Nc4 27. Bxc4 bxc4 28. c3
Bf8 29. h5 Be7 30. hxg6 fxg6 31. Kc2 Rf8 32. Rdf1 Rf7 33. Bc1 Raf8 34. Rhg1 g5
35. Rh1 gxf4 36. Rh6 f3 37. Rxe6 Rd8 38. Rxe7 Rxe7 1-0

[Event "Veteranos"]
[Site "?"]
[Date "2010.??.??"]
[Round "5.8"]
[White "Félez, Carlos"]
[Black "Arteaga, Francisco"]
[Result "1/2-1/2"]
[WhiteElo "1634"]
[BlackElo "1709"]
[PlyCount "90"]

1. c4 Nf6 2. Nc3 e6 3. Nf3 c5 4. d4 cxd4 5. Nxd4 Nc6 6. Nxc6 bxc6 7. e3 d5 8.
Be2 g6 9. O-O Bg7 10. Qc2 O-O 11. b3 Bb7 12. Bb2 Qe7 13. Nb1 Rfd8 14. Nd2 Rac8
15. Nf3 c5 16. Rad1 dxc4 17. Qxc4 Bd5 18. Qh4 Rc7 19. Be5 Rb7 20. Rc1 Rb4 21.
Bc4 Bxf3 22. gxf3 Nd5 23. Qxe7 Nxe7 24. Bxg7 Kxg7 25. Rfd1 Rbb8 26. Kf1 Nc6 27.
Be2 Rxd1+ 28. Bxd1 Rb5 29. Be2 Ra5 30. a4 Nb4 31. Bb5 a6 32. Bc4 Kf6 33. f4 Nd5
34. f3 Nxe3+ 35. Ke2 Nxc4 36. Rxc4 Ke7 37. Ke3 Kd6 38. h4 h5 39. Ke4 f5+ 40.
Ke3 Kd5 41. Kd3 e5 42. fxe5 Kxe5 43. f4+ Kf6 44. Ke3 Ke6 45. Kf3 Kd5 1/2-1/2

[Event "Veteranos"]
[Site "?"]
[Date "2010.??.??"]
[Round "5.9"]
[White "Codina, Juan"]
[Black "Gimeno, José Andrés"]
[Result "0-1"]
[WhiteElo "1608"]
[BlackElo "1741"]
[PlyCount "68"]

1. d4 Nf6 2. c4 e6 3. Nc3 c5 4. d5 exd5 5. cxd5 d6 6. e4 g6 7. h3 Bg7 8. Nf3
O-O 9. Bc4 Re8 10. Qd3 a6 11. O-O b5 12. Nxb5 axb5 13. Bxb5 Bd7 14. Bxd7 Nbxd7
15. Re1 Qb6 16. Qc2 Re7 17. a4 Rae8 18. a5 Qa6 19. Ra4 Nxd5 20. Nd2 Nb4 21. Qb1
d5 22. f3 dxe4 23. Rxe4 Bd4+ 24. Kh2 Rxe4 25. Nxe4 Qf1 26. Ra1 Be5+ 27. Ng3 Qf2
28. f4 Bd4 29. h4 Nf6 30. Kh3 Nh5 31. Nxh5 Re2 32. Ng3 Qxg2+ 33. Kg4 h5+ 34.
Kg5 Qxg3+ 0-1

[Event "Veteranos"]
[Site "?"]
[Date "2010.??.??"]
[Round "5.10"]
[White "Navarro, Rafael"]
[Black "López, Jesús"]
[Result "1-0"]
[WhiteElo "1673"]
[BlackElo "1500"]
[PlyCount "81"]

1. d4 Nf6 2. Nc3 d5 3. Bg5 e6 4. e4 Be7 5. e5 Nfd7 6. Bxe7 Qxe7 7. Nb5 Nb6 8.
Nf3 a6 9. Na3 Qb4+ 10. c3 Qxb2 11. Qc1 Na4 12. Qxb2 Nxb2 13. Rb1 Na4 14. c4 c6
15. Kd2 b5 16. c5 Bd7 17. Be2 a5 18. g4 O-O 19. g5 g6 20. h4 b4 21. Nc2 Nc3 22.
Ra1 Na6 23. h5 Rfb8 24. Bd3 Be8 25. h6 Bd7 26. Ne3 Nc7 27. Nh2 Ne8 28. Nd1 Nb5
29. Ke3 Bc8 30. Nf3 Ba6 31. Bc2 Na3 32. Kd2 Bc4 33. Nb2 Bb5 34. Ba4 Bxa4 35.
Nxa4 Nc4+ 36. Kc2 Rb5 37. Nd2 Nxd2 38. Kxd2 Nc7 39. Nb6 Ne8 40. Nxa8 b3 41.
axb3 1-0

[Event "Veteranos"]
[Site "?"]
[Date "2010.??.??"]
[Round "5.11"]
[White "Marín, Angel María"]
[Black "Lorente, Antonio"]
[Result "1/2-1/2"]
[WhiteElo "1712"]
[BlackElo "1723"]
[PlyCount "97"]

1. d4 Nf6 2. c4 g6 3. Nc3 Bg7 4. e4 d6 5. Bd3 O-O 6. f3 e5 7. d5 Nbd7 8. Be3 b6
9. Nge2 Nc5 10. Bc2 Ba6 11. b4 Ncd7 12. b5 Bb7 13. Qd2 Nc5 14. O-O Bc8 15. Bh6
Ne8 16. Bxg7 Nxg7 17. f4 f5 18. fxe5 dxe5 19. exf5 Bxf5 20. Ng3 Bxc2 21. Qxc2
Qe7 22. Nce4 a5 23. Qe2 Rae8 24. Qe3 Nxe4 25. Nxe4 Rf5 26. g4 Rxf1+ 27. Rxf1
Rf8 28. Rxf8+ Qxf8 29. Qf2 Ne8 30. g5 Kg7 31. Qxf8+ Kxf8 32. Kf2 Kg7 33. Ke3 h6
34. h4 hxg5 35. hxg5 Kf7 36. c5 a4 37. cxb6 cxb6 38. a3 Ke7 39. Nc3 Nc7 40. Ke4
Kd6 41. Nxa4 Nxd5 42. Nb2 Nc3+ 43. Kd3 Nxb5 44. a4 Nd4 45. Nc4+ Ke6 46. Ke4 b5
47. axb5 Nxb5 48. Nxe5 Nd6+ 49. Kf4 1/2-1/2

[Event "Veteranos"]
[Site "?"]
[Date "2010.??.??"]
[Round "5.12"]
[White "Lasierra, Javier"]
[Black "Latorre, Francisco"]
[Result "1-0"]
[WhiteElo "1700"]
[BlackElo "1517"]
[PlyCount "114"]

1. e4 e5 2. Nf3 Nc6 3. Bb5 d6 4. Bxc6+ bxc6 5. h3 Nf6 6. d3 Be7 7. b3 O-O 8.
O-O Bd7 9. Nh2 Qc8 10. f4 Bxh3 11. gxh3 Qxh3 12. Qf3 Qd7 13. f5 d5 14. Nc3 dxe4
15. Nxe4 a5 16. Bb2 Nxe4 17. dxe4 f6 18. Kh1 c5 19. Rg1 Rf7 20. Ng4 Kf8 21. Qh3
h6 22. Nxh6 Bd6 23. Nxf7 Qxf7 24. Qh8+ Ke7 25. Qxa8 Qh5+ 26. Kg2 Qg4+ 27. Kf2
Qf4+ 28. Ke2 Qh2+ 29. Kd3 c4+ 30. Kxc4 Qxc2+ 31. Bc3 Qe2+ 32. Kd5 Qd3+ 33. Kc6
Qxc3+ 34. Kb7 Qb4+ 35. Kc8 Qb5 36. Rxg7+ Kf8 37. Qd5 Qxd5 38. exd5 Kxg7 39. Kd7
Kh6 40. Ke6 Kg5 41. Rg1+ Kf4 42. Kxf6 e4 43. Ke6 e3 44. f6 e2 45. f7 Kf3 46.
Kd7 Kf2 47. Rc1 Ke3 48. Ke8 Kd2 49. Rh1 Kd3 50. f8=Q Bxf8 51. Kxf8 Kd4 52. Ke7
Kxd5 53. Re1 c5 54. Rxe2 c4 55. Rc2 cxb3 56. axb3 Kd4 57. Rc4+ Kd3 1-0

[Event "Veteranos"]
[Site "?"]
[Date "2010.??.??"]
[Round "5.13"]
[White "Moreno, Ignacio"]
[Black "Cervera, Ramón"]
[Result "0-1"]
[WhiteElo "1500"]
[BlackElo "1611"]
[PlyCount "67"]

1. e4 e6 2. Nf3 Nc6 3. Be2 d5 4. Bd3 Bc5 5. O-O Nge7 6. Nc3 O-O 7. Na4 Bd6 8.
Re1 Ng6 9. Bb5 Bd7 10. d3 a6 11. Bxc6 Bxc6 12. Nc3 Bc5 13. d4 Ba7 14. e5 f6 15.
Bf4 Nxf4 16. exf6 Qxf6 17. Ne5 Ng6 18. f3 Nxe5 19. Rxe5 Qxe5 20. Kh1 Qxd4 21.
Qxd4 Bxd4 22. Nd1 Rf4 23. c3 Bb6 24. b3 Raf8 25. Nb2 d4 26. Nd3 R4f5 27. c4 e5
28. c5 Ba7 29. b4 Bb5 30. Nf2 b6 31. Ne4 bxc5 32. bxc5 Bd3 33. Re1 Bxe4 34.
Rxe4 0-1

[Event "Veteranos"]
[Site "?"]
[Date "2010.??.??"]
[Round "5.14"]
[White "Pardo, Venancio"]
[Black "Gil, Gonzalo"]
[Result "1-0"]
[WhiteElo "1824"]
[BlackElo "1733"]
[PlyCount "59"]

1. d4 d5 2. Nf3 Nf6 3. Bg5 e6 4. e3 Be7 5. c4 O-O 6. Nc3 c6 7. cxd5 exd5 8. Bd3
Re8 9. O-O Ne4 10. Bxe7 Rxe7 11. Qc2 f5 12. Ne5 Nd7 13. Nxd7 Bxd7 14. Rfe1 Qe8
15. Nd1 Qg6 16. f3 Nf6 17. Qf2 Rae8 18. Rc1 Qh6 19. g3 Nh5 20. f4 Nf6 21. Be2
Ne4 22. Qg2 g6 23. Bf3 Kh8 24. Bxe4 fxe4 25. b4 Bg4 26. a4 Bf3 27. Qf2 g5 28.
Rc3 gxf4 29. exf4 Rg8 30. Rxf3 1-0

[Event "Veteranos"]
[Site "?"]
[Date "2010.??.??"]
[Round "5.15"]
[White "Burillo, Amelia"]
[Black "Otal, José Miguel"]
[Result "1-0"]
[WhiteElo "1500"]
[BlackElo "1577"]
[PlyCount "101"]

1. d4 Nf6 2. c4 c6 3. Nc3 d5 4. Bg5 a6 5. h3 b5 6. cxd5 cxd5 7. Nf3 Bb7 8. e3
Nbd7 9. Bd3 e6 10. O-O Be7 11. Rc1 O-O 12. Qd2 Nb6 13. Ne5 Nc4 14. Qc2 h6 15.
Bxf6 Bxf6 16. Ng4 Bg5 17. f4 Be7 18. b3 Nd6 19. Ne2 Rc8 20. Qb1 f5 21. Ne5 Ne4
22. Qb2 Bf6 23. Rf3 Qe8 24. Ng3 Bh4 25. Ne2 Rxc1+ 26. Qxc1 Qc8 27. Ng6 Qxc1+
28. Nxc1 Rf7 29. Nxh4 Rc7 30. Ne2 g5 31. Ng6 Rg7 32. Ne5 g4 33. Rf1 gxh3 34.
Bxe4 dxe4 35. Rf2 h5 36. Kh2 Rc7 37. Ng3 h4 38. Nh5 Rc3 39. Re2 b4 40. Kxh3 a5
41. Kxh4 Rc1 42. Kg5 Rh1 43. Nf6+ Kg7 44. Ned7 Bc6 45. Nc5 Bd5 46. Nxd5 exd5
47. Ne6+ Kf7 48. Kxf5 Rh6 49. Ng5+ Ke7 50. Ke5 Rh5 51. Kxd5 1-0

[Event "Veteranos"]
[Site "?"]
[Date "2010.??.??"]
[Round "5.16"]
[White "Samper, Julio Alfredo"]
[Black "Pinilla, José Carlos"]
[Result "1-0"]
[WhiteElo "1540"]
[BlackElo "1500"]
[PlyCount "49"]

1. e4 e5 2. Nf3 Bd6 3. d4 Nc6 4. d5 Na5 5. Bd2 c6 6. b4 Bc7 7. bxa5 Bxa5 8.
Bxa5 Qxa5+ 9. Qd2 Qxd2+ 10. Nbxd2 d6 11. dxc6 bxc6 12. Nc4 Kd7 13. O-O-O Nf6
14. Rxd6+ Kc7 15. Nfxe5 Bb7 16. f3 Ne8 17. Rd7+ Kc8 18. Rxf7 h5 19. Be2 Rh6 20.
Rd1 Rf6 21. Rxf6 Nxf6 22. Nd6+ Kc7 23. Nxb7 Kxb7 24. Ng6 Rf8 25. Nxf8 1-0

[Event "Veteranos"]
[Site "?"]
[Date "2010.??.??"]
[Round "5.17"]
[White "Requeno, Juan José"]
[Black "Cristóbal, Angel"]
[Result "0-1"]
[WhiteElo "1500"]
[BlackElo "1515"]
[PlyCount "116"]

1. d4 Nf6 2. c4 g6 3. Nc3 Bg7 4. Nf3 b6 5. e4 d6 6. Be2 O-O 7. O-O Bb7 8. d5
Nbd7 9. Bd2 Nc5 10. Qc2 Re8 11. Rab1 e6 12. b4 Ncd7 13. Rfe1 exd5 14. cxd5 Ne5
15. Qc1 Ned7 16. Bh6 Nxe4 17. Bxg7 Kxg7 18. Nxe4 Rxe4 19. Qc3+ Kg8 20. Bc4 Nf6
21. Rxe4 Nxe4 22. Qd3 Nf6 23. Re1 Qf8 24. Qd4 Qd8 25. g4 h6 26. Nh4 Nh7 27. Nf3
a5 28. b5 a4 29. a3 Qf6 30. Qd3 Kf8 31. Kg2 Re8 32. h3 Rxe1 33. Nxe1 Ng5 34.
Qd1 Ne4 35. Qc2 Nc5 36. f3 h5 37. Kg3 Qe5+ 38. Kf2 Qh2+ 39. Ng2 Qxh3 40. g5 Qh2
41. Qb2 Qe5 42. Qxe5 dxe5 43. Ke3 Ke7 44. f4 exf4+ 45. Nxf4 Kd6 46. Kd4 Nd7 47.
Bd3 Ne5 48. Be4 h4 49. Nh3 Bc8 50. Nf4 h3 51. Bh1 Bg4 52. Nxh3 Bxh3 53. Be4 Bg4
54. Bc2 Nf3+ 55. Ke4 Bf5+ 56. Kxf3 Bxc2 57. Kf4 Bd3 58. Ke3 Bxb5 0-1